000 00615nam a2200241Ia 4500
003 OSt
005 20221005120802.0
006 a|||||r|||| 00| 0
007 ta
008 221004b |||||||| |||| 00| 0 eng d
024 _a38858
037 _cTextual
040 _aCRL
_cCRL
_beng
041 _2eng
_aeng
082 _aO:3L52w, D3-;1
100 _aDobson Austin
245 0 _aFanny Burney (i .e Madame D'Arblay)
260 _c1903
490 _aenglish men of letters
650 _aENGLISH LITERATURE
942 _hO:3L52w, D3-;1
_cTEXL
_2cc
999 _c1039114
_d1039114